Statistics for Five Northernmost Capital Cities by Continent

Click here to take the quiz!

General Stats

  • This quiz has been taken 25,221 times
    (25,184 since last reset)
  • The average score is 19 of 30

Answer Stats

ContinentLatitudeCapital City% Correct
Europe59°95' NOslo
96%
North America38°88' NWashington, D.C.
95%
Africa30°05' NCairo
93%
Europe59°32' NStockholm
93%
Europe60°17' NHelsinki
93%
North America45°42' NOttawa
92%
Europe64°13' NReykjavík
90%
North America19°43' NMexico City
88%
Africa36°80' NTunis
86%
Africa36°77' NAlgiers
80%
North America23°13' NHavana
78%
South America4°58' NBogotá
78%
South America10°50 NCaracas
76%
Europe59°43' NTallinn
73%
Africa34°03' NRabat
72%
Africa32°90' NTripoli
72%
Asia47°92' NUlaanbaatar
69%
South America0°25' SQuito
65%
North America25°07' NNassau
57%
Asia51°17' NNur-Sultan
57%
South America6°80' NGeorgetown
52%
South America5°87' NParamaribo
45%
Asia41°27' NTashkent
44%
Asia42°87' NBishkek
37%
Asia41°72' NTbilisi
31%
Oceania7°48' NNgerulmud
20%
Oceania6°92' NPalikir
20%
Oceania1°53' NSouth Tarawa
20%
Oceania0°53' SYaren
19%
Oceania7°07' NMajuro
18%

Score Distribution

Percentile by Number Answered

Percent of People with Each Score

Your Score History

You have not taken this quiz since the last reset